[Event "DEM U18w 2003"]
[Site "Willingen GER"]
[Date "2003.06.12"]
[Round "7"]
[White "Thiery, Jennifer"]
[Black "Wald, Elena"]
[Result "1-0"]
[Termination "normal"]
[Board "13"]
[WhiteElo "1738"]
[BlackElo "1507"]
[PlyCount "61"]
[EventCountry "GER"]
[EventRounds "9"]
[EventType "swiss"]
[EventDate "2003.06.07"]

1. e4 d5 2. exd5 Qxd5 3. Nc3 Qa5 4. d4 Nf6 5. Nf3 Bg4 6. Be2 c6 7. O-O e6 8.
Ne5 Bxe2 9. Nxe2 Qc7 10. h3 Bd6 11. Nc4 Be7 12. Bf4 Qd8 13. c3 Na6 14. Qb3 b5
15. Ne5 Rc8 16. a4 Qb6 17. axb5 cxb5 18. Qa2 Nc7 19. Qxa7 Qxa7 20. Rxa7 Ncd5
21. Rb7 b4 22. c4 Nxf4 23. Nxf4 h6 24. Nxe6 fxe6 25. Ng6 Rh7 26. Rxe7+ Kd8 27.
c5 Rc6 28. Ra1 Rc8 29. Raa7 h5 30. Rxe6 b3 31. Rd6+ 1-0

[Event "DEM U18w 2003"]
[Site "Willingen GER"]
[Date "2003.06.12"]
[Round "7"]
[White "Köditz, Katja"]
[Black "Buncke, Johanna"]
[Result "1/2-1/2"]
[Termination "normal"]
[Board "14"]
[WhiteElo "1681"]
[BlackElo "1535"]
[PlyCount "52"]
[EventCountry "GER"]
[EventRounds "9"]
[EventType "swiss"]
[EventDate "2003.06.07"]

1. d4 d5 2. c4 e6 3. Nc3 Nf6 4. Bg5 Nbd7 5. e3 Bb4 6. Qc2 c6 7. Nf3 Qa5 8. Nd2
Bxc3 9. bxc3 dxc4 10. Bxf6 Nxf6 11. Bxc4 e5 12. O-O O-O 13. Bd3 exd4 14. cxd4
Be6 15. Rfb1 Rab8 16. Rb2 Qc7 17. Nf3 h6 18. Rc1 Rfc8 19. e4 Qe7 20. Ne5 Nd7
21. Nf3 Nf6 22. Rcb1 b6 23. Ne5 c5 24. Qc3 cxd4 25. Qxd4 Ng4 26. Nxg4 Bxg4
1/2-1/2

[Event "DEM U18w 2003"]
[Site "Willingen GER"]
[Date "2003.06.13"]
[Round "8"]
[White "Vaideslaver, Olga"]
[Black "Mass, Elvira"]
[Result "1-0"]
[Termination "normal"]
[Board "1"]
[WhiteElo "1787"]
[BlackElo "1733"]
[PlyCount "79"]
[BlackFideId "4695623"]
[EventCountry "GER"]
[EventRounds "9"]
[EventType "swiss"]
[EventDate "2003.06.07"]

1. Nf3 d5 2. g3 c5 3. Bg2 Nc6 4. d3 e5 5. Nbd2 f6 6. e4 d4 7. O-O Be6 8. Re1
Nh6 9. h4 Be7 10. Nh2 Qd7 11. f4 O-O-O 12. f5 Bg8 13. Ndf3 Nf7 14. Bh3 Nd6 15.
Kg2 Kb8 16. a3 c4 17. Ng4 cxd3 18. cxd3 Rc8 19. Ngxe5 fxe5 20. f6 Be6 21. Bxe6
Qxe6 22. fxe7 Nxe7 23. Bd2 Rc7 24. Ng5 Qd7 25. Qb3 Nc6 26. Rf1 h6 27. Ne6 Rcc8
28. Nc5 Qe7 29. Rac1 Ka8 30. a4 Rhf8 31. a5 Rxf1 32. Rxf1 Nd8 33. Qd5 Nc4 34.
dxc4 Qxc5 35. Qxc5 Rxc5 36. Rf8 Rc8 37. Bb4 b6 38. a6 Kb8 39. Bd6+ Ka8 40. Kf2
1-0

[Event "DEM U18w 2003"]
[Site "Willingen GER"]
[Date "2003.06.13"]
[Round "8"]
[White "Fey, Franziska"]
[Black "Häcker, Sonja"]
[Result "0-1"]
[Termination "normal"]
[Board "2"]
[WhiteElo "2045"]
[BlackElo "2002"]
[PlyCount "106"]
[WhiteFideId "4672992"]
[BlackFideId "4680928"]
[EventCountry "GER"]
[EventRounds "9"]
[EventType "swiss"]
[EventDate "2003.06.07"]

1. Nf3 d5 2. g3 Nf6 3. Bg2 c6 4. O-O Qc7 5. d3 e5 6. Nbd2 Be7 7. e4 O-O 8. Qe2
Nbd7 9. Re1 Re8 10. Nf1 Bc5 11. h3 h6 12. Bd2 Nf8 13. Bc3 Ng6 14. a4 a5 15. b3
Bd7 16. Bb2 Rad8 17. N3d2 Qc8 18. Kh2 Be6 19. Ne3 Nh7 20. Nf3 Bd6 21. Qf1 Bc7
22. Nd1 d4 23. Nd2 Qd7 24. f4 exf4 25. Nf3 fxg3+ 26. Kh1 c5 27. Ba3 b6 28. Bc1
Qe7 29. Nb2 Nh4 30. Nxh4 Qxh4 31. Nc4 Ng5 32. Bxg5 hxg5 33. e5 g4 34. Re4 Qh6
35. Qe1 gxh3 36. Bf3 g2+ 37. Kg1 g5 38. Qe2 Bf5 39. Bg4 Bxe4 40. Qxe4 Kg7 41.
Qf5 Rh8 42. Kh2 Rh7 43. Re1 Qg6 44. Qf3 Rh4 45. Re4 Rdh8 46. Nb2 f6 47. Nc4
fxe5 48. Bf5 Qf6 49. Nd2 Rf8 50. Bg4 Qxf3 51. Bxf3 Rxe4 52. Bxe4 Rf2 53. Nf3 g4
0-1

[Event "DEM U18w 2003"]
[Site "Willingen GER"]
[Date "2003.06.13"]
[Round "8"]
[White "Czäczine, Anne"]
[Black "Hofmann, Annett"]
[Result "0-1"]
[Termination "normal"]
[Board "3"]
[WhiteElo "2072"]
[BlackElo "1844"]
[PlyCount "48"]
[WhiteFideId "4679326"]
[BlackFideId "24603759"]
[EventCountry "GER"]
[EventRounds "9"]
[EventType "swiss"]
[EventDate "2003.06.07"]

1. e4 c5 2. Nf3 d6 3. d4 cxd4 4. Nxd4 Nf6 5. Nc3 a6 6. Bg5 e6 7. f4 Be7 8. Qf3
h6 9. Bh4 g5 10. fxg5 Nfd7 11. Nxe6 fxe6 12. Qh5+ Kf8 13. Bb5 Kg7 14. O-O Ne5
15. Bg3 Ng6 16. Bc4 hxg5 17. Qg4 Nc6 18. Bb3 Nce5 19. Bxe5+ Nxe5 20. Qg3 Qe8
21. Ne2 Qg6 22. Rae1 Bd7 23. Nd4 g4 24. h3 Bh4 0-1

[Event "DEM U18w 2003"]
[Site "Willingen GER"]
[Date "2003.06.13"]
[Round "8"]
[White "Schöne, Maria"]
[Black "Blodig, Carolin"]
[Result "1-0"]
[Termination "normal"]
[Board "4"]
[WhiteElo "2029"]
[BlackElo "1946"]
[PlyCount "39"]
[WhiteFideId "4681410"]
[BlackFideId "4692012"]
[EventCountry "GER"]
[EventRounds "9"]
[EventType "swiss"]
[EventDate "2003.06.07"]

1. e4 e6 2. d4 d5 3. Nc3 dxe4 4. Nxe4 Bd7 5. Nf3 Bc6 6. Bd3 Bxe4 7. Bxe4 c6 8.
O-O Nf6 9. Bd3 Be7 10. c3 c5 11. dxc5 Bxc5 12. Bg5 Be7 13. Bb5+ Nc6 14. Qa4 Qb6
15. Be3 Bc5 16. Bg5 Be7 17. Ne5 Rc8 18. Be3 Bc5 19. Nc4 Qc7 20. Bxc5 1-0

[Event "DEM U18w 2003"]
[Site "Willingen GER"]
[Date "2003.06.13"]
[Round "8"]
[White "Morgenstern, Petra"]
[Black "Zhang, Fan"]
[Result "1-0"]
[Termination "normal"]
[Board "5"]
[WhiteElo "2119"]
[BlackElo "1896"]
[PlyCount "61"]
[WhiteFideId "4690710"]
[BlackFideId "24609730"]
[EventCountry "GER"]
[EventRounds "9"]
[EventType "swiss"]
[EventDate "2003.06.07"]

1. d4 Nf6 2. c4 e6 3. Nc3 Bb4 4. Qc2 b6 5. a3 Bxc3+ 6. Qxc3 Ne4 7. Qc2 Bb7 8.
Nf3 O-O 9. e3 d6 10. Bd3 f5 11. O-O Nd7 12. Nd2 Nxd2 13. Bxd2 Qh4 14. f3 Rf6
15. Be1 Qg5 16. e4 f4 17. e5 dxe5 18. Bxh7+ Kf7 19. Be4 Bxe4 20. Qxe4 Rh8 21.
Qc6 Nf8 22. Qxc7+ Kg8 23. Qxe5 Qh6 24. h4 Rf5 25. Qe4 Qh5 26. Rd1 Rf6 27. d5 g5
28. Bc3 Rfh6 29. Bxh8 Rxh8 30. dxe6 Qxh4 31. e7 1-0

[Event "DEM U18w 2003"]
[Site "Willingen GER"]
[Date "2003.06.13"]
[Round "8"]
[White "Brethauer, Sarah"]
[Black "Janotta, Steffi"]
[Result "1-0"]
[Termination "normal"]
[Board "6"]
[WhiteElo "1646"]
[BlackElo "1768"]
[PlyCount "51"]
[WhiteFideId "24605220"]
[BlackFideId "4696344"]
[EventCountry "GER"]
[EventRounds "9"]
[EventType "swiss"]
[EventDate "2003.06.07"]

1. e4 e5 2. Nc3 Nf6 3. f4 d6 4. Nf3 Nc6 5. Bb5 Bd7 6. O-O Be7 7. d3 O-O 8. Bxc6
Bxc6 9. Kh1 exf4 10. Bxf4 Re8 11. h3 h6 12. g4 Nh7 13. Qd2 Bf6 14. Rae1 b5 15.
Qf2 b4 16. Nd1 Qc8 17. Kh2 Qa6 18. h4 Qxa2 19. b3 Qa5 20. g5 hxg5 21. hxg5 Nxg5
22. Nxg5 Bxg5 23. Bxg5 Qxg5 24. Qxf7+ Kh7 25. Re3 Qe5+ 26. Kg2 1-0

[Event "DEM U18w 2003"]
[Site "Willingen GER"]
[Date "2003.06.13"]
[Round "8"]
[White "Bloß, Steffi"]
[Black "Seeger, Franziska"]
[Result "1/2-1/2"]
[Termination "normal"]
[Board "7"]
[WhiteElo "1710"]
[BlackElo "2117"]
[PlyCount "39"]
[BlackFideId "4690982"]
[EventCountry "GER"]
[EventRounds "9"]
[EventType "swiss"]
[EventDate "2003.06.07"]

1. d4 Nf6 2. c4 e6 3. Nf3 d5 4. g3 Be7 5. Bg2 c6 6. Nbd2 Nbd7 7. O-O O-O 8. Qc2
b5 9. b3 Ba6 10. cxb5 cxb5 11. Re1 Rc8 12. Qb1 b4 13. a3 Qb6 14. Qa2 Rc6 15.
axb4 Bxb4 16. Ba3 Rfc8 17. Bxb4 Qxb4 18. e3 R8c7 19. Qa5 Qd6 20. Qa3 1/2-1/2

[Event "DEM U18w 2003"]
[Site "Willingen GER"]
[Date "2003.06.13"]
[Round "8"]
[White "Beltz, Franziska"]
[Black "Stejskal, Janina Maria"]
[Result "1-0"]
[Termination "normal"]
[Board "8"]
[WhiteElo "2010"]
[BlackElo "1744"]
[PlyCount "35"]
[WhiteFideId "4681401"]
[BlackFideId "24601942"]
[EventCountry "GER"]
[EventRounds "9"]
[EventType "swiss"]
[EventDate "2003.06.07"]

1. e4 e5 2. Nf3 Nc6 3. Nc3 Nf6 4. d4 exd4 5. Nxd4 Bb4 6. Nxc6 bxc6 7. Bd3 O-O
8. O-O h6 9. e5 Bxc3 10. bxc3 Nd5 11. Qf3 Qh4 12. Re1 Nxc3 13. Bd2 Qd4 14. Bxc3
Qc5 15. Qg3 Kh8 16. Bd2 d5 17. Qh4 f5 18. Bb4 1-0

[Event "DEM U18w 2003"]
[Site "Willingen GER"]
[Date "2003.06.13"]
[Round "8"]
[White "Horstmann, Astrid"]
[Black "Lobe, Sandra"]
[Result "1-0"]
[Termination "normal"]
[Board "9"]
[WhiteElo "1993"]
[BlackElo "1473"]
[PlyCount "95"]
[WhiteFideId "4698584"]
[EventCountry "GER"]
[EventRounds "9"]
[EventType "swiss"]
[EventDate "2003.06.07"]

1. c4 g6 2. Nc3 Bg7 3. g3 Nf6 4. Bg2 d6 5. d3 O-O 6. e3 Nbd7 7. Nge2 c6 8. O-O
Qc7 9. Rb1 b6 10. b4 Bb7 11. b5 c5 12. e4 e5 13. f4 Rad8 14. f5 Kh8 15. h3 h6
16. g4 g5 17. Qe1 Nh7 18. Ng3 Ndf6 19. Bf3 Qe7 20. Kg2 Rg8 21. Rh1 Nd7 22. f6
Qxf6 23. Nh5 Qg6 24. Nxg7 Rxg7 25. Ne2 Ndf6 26. Ng3 Bc8 27. Nf5 Ne8 28. Nxg7
Nxg7 29. h4 f6 30. hxg5 fxg5 31. Rh2 Nf6 32. Qg3 Ne6 33. Be3 Bb7 34. Rbh1 Kg7
35. Rxh6 Qxh6 36. Rxh6 Kxh6 37. Be2 Kg7 38. a4 Rh8 39. a5 Rh4 40. axb6 Nf4+ 41.
Kf2 Bxe4 42. bxa7 Ba8 43. Bxf4 exf4 44. Qg1 Rh1 45. Qxh1 Bxh1 46. Bf3 Nxg4+ 47.
Bxg4 Ba8 48. Bf3 1-0

[Event "DEM U18w 2003"]
[Site "Willingen GER"]
[Date "2003.06.13"]
[Round "8"]
[White "Rath, Alina"]
[Black "Thiery, Jennifer"]
[Result "1-0"]
[Termination "normal"]
[Board "10"]
[WhiteElo "1579"]
[BlackElo "1738"]
[PlyCount "55"]
[WhiteFideId "24607886"]
[EventCountry "GER"]
[EventRounds "9"]
[EventType "swiss"]
[EventDate "2003.06.07"]

1. c4 e5 2. Nc3 Nf6 3. e4 Nc6 4. d3 d6 5. h3 Be7 6. Nge2 O-O 7. g3 Be6 8. Bg2
Qd7 9. Be3 Ne8 10. b3 f5 11. f4 Bd8 12. Nd5 Qf7 13. O-O Qg6 14. Kh2 Nf6 15.
Nxf6+ Bxf6 16. Rc1 Rad8 17. Qe1 Nd4 18. Qf2 Nxe2 19. Qxe2 fxe4 20. Bxe4 Bf5 21.
Bxf5 Qxf5 22. Rcd1 Rfe8 23. Qg2 Qc8 24. Rf2 a6 25. Rdf1 exf4 26. Bxf4 Bd4 27.
Qd5+ Qe6 28. Qxd4 1-0

[Event "DEM U18w 2003"]
[Site "Willingen GER"]
[Date "2003.06.13"]
[Round "8"]
[White "Lunz, Pia"]
[Black "Auburger, Kristin"]
[Result "1/2-1/2"]
[Termination "normal"]
[Board "11"]
[WhiteElo "1593"]
[BlackElo "1728"]
[PlyCount "38"]
[BlackFideId "24620726"]
[EventCountry "GER"]
[EventRounds "9"]
[EventType "swiss"]
[EventDate "2003.06.07"]

1. d4 d5 2. c4 e6 3. Nc3 c6 4. e3 Nf6 5. Nf3 Nbd7 6. Bd3 Bd6 7. O-O O-O 8. e4
dxe4 9. Nxe4 Nxe4 10. Bxe4 Nf6 11. Bc2 c5 12. dxc5 Bxc5 13. h3 h6 14. Qe2 Qc7
15. b3 b6 16. Bb2 Qe7 17. Ne5 Bb7 18. Rad1 Rfd8 19. Ng4 Nxg4 1/2-1/2

[Event "DEM U18w 2003"]
[Site "Willingen GER"]
[Date "2003.06.13"]
[Round "8"]
[White "Kopietz, Simone"]
[Black "Buncke, Johanna"]
[Result "1/2-1/2"]
[Termination "normal"]
[Board "13"]
[WhiteElo "1477"]
[BlackElo "1535"]
[PlyCount "38"]
[EventCountry "GER"]
[EventRounds "9"]
[EventType "swiss"]
[EventDate "2003.06.07"]

1. Nf3 d5 2. g3 Nf6 3. Bg2 Bf5 4. d3 e6 5. O-O Bd6 6. Re1 Nbd7 7. Nbd2 O-O 8.
e4 dxe4 9. dxe4 Bg4 10. h3 Bxf3 11. Nxf3 e5 12. b3 Bb4 13. Re3 c6 14. Bb2 Qc7
15. Qe2 Rad8 16. Rd1 Rfe8 17. Red3 Qa5 18. a3 Be7 19. Nd2 b5 1/2-1/2

[Event "DEM U18w 2003"]
[Site "Willingen GER"]
[Date "2003.06.13"]
[Round "8"]
[White "Wald, Elena"]
[Black "Becker, Natalie"]
[Result "1/2-1/2"]
[Termination "normal"]
[Board "14"]
[WhiteElo "1507"]
[BlackElo "1597"]
[PlyCount "72"]
[EventCountry "GER"]
[EventRounds "9"]
[EventType "swiss"]
[EventDate "2003.06.07"]

1. d4 g6 2. Nf3 Bg7 3. Bg5 Nf6 4. e3 d6 5. Nbd2 O-O 6. c3 Bf5 7. Bc4 Nc6 8. Qe2
a6 9. e4 Bg4 10. h3 Bxf3 11. Qxf3 h6 12. Be3 e5 13. d5 Na5 14. Bd3 b6 15. g4
Nh7 16. h4 Nb7 17. Qg3 Nc5 18. Bc2 Re8 19. O-O-O b5 20. f4 exf4 21. Bxf4 Nf6
22. Rde1 Qd7 23. g5 Nh5 24. Qe3 Nxf4 25. Qxf4 h5 26. Rhf1 Rab8 27. Re3 a5 28.
Ref3 Rf8 29. b3 b4 30. c4 a4 31. Qe3 axb3 32. Nxb3 Nxb3+ 33. Bxb3 Be5 34. Qf2
Rbe8 35. Re1 Qg4 36. Bd1 Qd7 1/2-1/2

[Event "DEM U18w 2003"]
[Site "Willingen GER"]
[Date "2003.06.14"]
[Round "9"]
[White "Vaideslaver, Olga"]
[Black "Brethauer, Sarah"]
[Result "1/2-1/2"]
[Termination "normal"]
[Board "1"]
[WhiteElo "1787"]
[BlackElo "1646"]
[PlyCount "27"]
[BlackFideId "24605220"]
[EventCountry "GER"]
[EventRounds "9"]
[EventType "swiss"]
[EventDate "2003.06.07"]

1. e4 c5 2. d3 Nc6 3. Ne2 g6 4. g3 Bg7 5. Bg2 d6 6. O-O e5 7. Nbc3 Nge7 8. Be3
O-O 9. f4 Nd4 10. fxe5 dxe5 11. Rb1 Nec6 12. a3 a5 13. Bf2 Bg4 14. h3 1/2-1/2

[Event "DEM U18w 2003"]
[Site "Willingen GER"]
[Date "2003.06.14"]
[Round "9"]
[White "Häcker, Sonja"]
[Black "Morgenstern, Petra"]
[Result "1-0"]
[Termination "normal"]
[Board "2"]
[WhiteElo "2002"]
[BlackElo "2119"]
[PlyCount "87"]
[WhiteFideId "4680928"]
[BlackFideId "4690710"]
[EventCountry "GER"]
[EventRounds "9"]
[EventType "swiss"]
[EventDate "2003.06.07"]

1. e4 c5 2. Nc3 d6 3. f4 e6 4. Bc4 a6 5. a4 Nc6 6. d3 g6 7. Nf3 Bg7 8. f5 exf5
9. O-O Nge7 10. Ng5 Ne5 11. Bb3 O-O 12. Qe1 h6 13. Nf3 N7c6 14. exf5 Nxf3+ 15.
Rxf3 Nd4 16. fxg6 Nxf3+ 17. gxf3 Bd4+ 18. Kh1 Qf6 19. Bxf7+ Kg7 20. Qg3 Bxc3
21. bxc3 Bf5 22. Bb2 b5 23. Rb1 c4 24. dxc4 bxc4 25. Bxc4 Bxc2 26. Rg1 Bxa4 27.
Bd5 Rab8 28. Ba1 Qe7 29. c4+ Rf6 30. Re1 Qd8 31. Qf4 Bc2 32. Qxf6+ Qxf6 33.
Bxf6+ Kxf6 34. Re6+ Kg7 35. Rxd6 a5 36. Ra6 a4 37. Bf7 Bd1 38. Kg2 Rb2+ 39. Kg3
Rb3 40. Bd5 Rc3 41. h4 Bb3 42. h5 Bxc4 43. Rc6 Rxf3+ 44. Bxf3 1-0

[Event "DEM U18w 2003"]
[Site "Willingen GER"]
[Date "2003.06.14"]
[Round "9"]
[White "Mass, Elvira"]
[Black "Schöne, Maria"]
[Result "0-1"]
[Termination "normal"]
[Board "3"]
[WhiteElo "1733"]
[BlackElo "2029"]
[PlyCount "45"]
[WhiteFideId "4695623"]
[BlackFideId "4681410"]
[EventCountry "GER"]
[EventRounds "9"]
[EventType "swiss"]
[EventDate "2003.06.07"]

1. d4 Nf6 2. c4 g6 3. Nc3 Bg7 4. e4 d6 5. f3 O-O 6. Bg5 c5 7. d5 e6 8. Qd2 Qa5
9. Be2 Re8 10. Nb5 Qb6 11. a4 a6 12. Nc3 Qa5 13. h4 exd5 14. cxd5 Nbd7 15. Ra3
Nh5 16. Rh3 Ne5 17. g4 Nf6 18. Rh2 Rb8 19. Qf4 Nxd5 20. Qd2 Nxc3 21. bxc3 c4
22. Bh6 Qc5 23. Rh1 0-1

[Event "DEM U18w 2003"]
[Site "Willingen GER"]
[Date "2003.06.14"]
[Round "9"]
[White "Zhang, Fan"]
[Black "Fey, Franziska"]
[Result "1/2-1/2"]
[Termination "normal"]
[Board "6"]
[WhiteElo "1896"]
[BlackElo "2045"]
[PlyCount "110"]
[WhiteFideId "24609730"]
[BlackFideId "4672992"]
[EventCountry "GER"]
[EventRounds "9"]
[EventType "swiss"]
[EventDate "2003.06.07"]

1. Nf3 d5 2. d4 c6 3. Bf4 Bf5 4. e3 e6 5. c4 Nf6 6. Qb3 Qb6 7. c5 Qxb3 8. axb3
Bxb1 9. Rxb1 Nbd7 10. b4 a6 11. Ra1 Rc8 12. h3 Be7 13. Bd3 O-O 14. Nd2 Rfe8 15.
Nb3 Bd8 16. Na5 Bxa5 17. bxa5 e5 18. Bxe5 Nxe5 19. dxe5 Rxe5 20. O-O Rd8 21.
Rfd1 Kf8 22. Ra4 Ke8 23. Rb4 Rd7 24. g3 Kd8 25. Kg2 Kc7 26. Kf3 Ne4 27. Bxe4
dxe4+ 28. Rxe4 Rxc5 29. Rxd7+ Kxd7 30. b4 Rd5 31. Rh4 h6 32. Rg4 g6 33. Rh4 Rb5
34. Rd4+ Ke6 35. Ke4 Re5+ 36. Kd3 Rh5 37. Rd8 Ke7 38. g4 Rxa5 39. Rb8 Rb5 40.
Kc4 Kf6 41. h4 Ke7 42. f3 Kd7 43. Rf8 f5 44. Rf6 fxg4 45. fxg4 h5 46. Rxg6 hxg4
47. Rxg4 Rh5 48. Rg7+ Kc8 49. Rg8+ Kc7 50. Rg7+ Kb6 51. Rg4 a5 52. bxa5+ Rxa5
53. e4 Rh5 54. Kd4 Kb5 55. e5 Kb6 1/2-1/2

[Event "DEM U18w 2003"]
[Site "Willingen GER"]
[Date "2003.06.14"]
[Round "9"]
[White "Blodig, Carolin"]
[Black "Horstmann, Astrid"]
[Result "1/2-1/2"]
[Termination "normal"]
[Board "7"]
[WhiteElo "1946"]
[BlackElo "1993"]
[PlyCount "27"]
[WhiteFideId "4692012"]
[BlackFideId "4698584"]
[EventCountry "GER"]
[EventRounds "9"]
[EventType "swiss"]
[EventDate "2003.06.07"]

1. e4 c5 2. Nc3 e6 3. g3 g6 4. Bg2 Bg7 5. d3 Nc6 6. Be3 d6 7. Qd2 Rb8 8. Nge2
Nd4 9. Nd1 b5 10. c3 Nxe2 11. Qxe2 b4 12. O-O bxc3 13. bxc3 Ne7 14. f4 1/2-1/2

[Event "DEM U18w 2003"]
[Site "Willingen GER"]
[Date "2003.06.14"]
[Round "9"]
[White "Janotta, Steffi"]
[Black "Rath, Alina"]
[Result "1/2-1/2"]
[Termination "normal"]
[Board "8"]
[WhiteElo "1768"]
[BlackElo "1579"]
[PlyCount "103"]
[WhiteFideId "4696344"]
[BlackFideId "24607886"]
[EventCountry "GER"]
[EventRounds "9"]
[EventType "swiss"]
[EventDate "2003.06.07"]

1. e4 g6 2. d4 Bg7 3. Nc3 d6 4. f4 e6 5. Nf3 Ne7 6. Be3 Nd7 7. Bd3 b6 8. O-O
Bb7 9. f5 exf5 10. exf5 O-O 11. fxg6 fxg6 12. Qe1 Nf5 13. Bg5 Qe8 14. Nb5 Qc8
15. Qe6+ Kh8 16. c3 a6 17. Na3 Qe8 18. Qb3 Bf6 19. Rae1 Qf7 20. Qxf7 Rxf7 21.
Bd2 Raf8 22. Nc2 Nh4 23. Nxh4 Bxh4 24. Rxf7 Rxf7 25. g3 Bf6 26. Bc4 Re7 27. Rf1
Kg7 28. Ne3 c6 29. Ng4 d5 30. Bd3 Rf7 31. Bh6+ Kg8 32. Re1 Bg7 33. Re8+ Rf8 34.
Re7 Rf7 35. Re6 Kf8 36. Bf4 Nf6 37. Bd6+ Kg8 38. Nxf6+ Rxf6 39. Re8+ Bf8 40.
Rxf8+ Rxf8 41. Bxf8 Kxf8 42. Kf2 Ke7 43. Ke3 a5 44. h4 Kf6 45. Kf4 h6 46. b4
g5+ 47. Ke3 Ke6 48. Bg6 Bc8 49. Kd3 Kd6 50. Ke3 Bg4 51. Be8 Bd1 52. hxg5
1/2-1/2

[Event "DEM U18w 2003"]
[Site "Willingen GER"]
[Date "2003.06.14"]
[Round "9"]
[White "Auburger, Kristin"]
[Black "Thiery, Jennifer"]
[Result "1/2-1/2"]
[Termination "normal"]
[Board "10"]
[WhiteElo "1728"]
[BlackElo "1738"]
[PlyCount "33"]
[WhiteFideId "24620726"]
[EventCountry "GER"]
[EventRounds "9"]
[EventType "swiss"]
[EventDate "2003.06.07"]

1. d4 d5 2. Nf3 Nf6 3. Bg5 e6 4. e3 Nbd7 5. c3 c5 6. Bd3 Be7 7. O-O O-O 8. Nbd2
a6 9. a4 b6 10. Qc2 Bb7 11. Rfe1 Rc8 12. h3 h6 13. Bf4 Nb8 14. Ne5 Nc6 15. Ndf3
c4 16. Be2 Na5 17. Nd2 1/2-1/2

[Event "DEM U18w 2003"]
[Site "Willingen GER"]
[Date "2003.06.14"]
[Round "9"]
[White "Buncke, Johanna"]
[Black "Zabarska, Natalia"]
[Result "0-1"]
[Termination "normal"]
[Board "11"]
[WhiteElo "1535"]
[BlackElo "1663"]
[PlyCount "40"]
[BlackFideId "24608009"]
[EventCountry "GER"]
[EventRounds "9"]
[EventType "swiss"]
[EventDate "2003.06.07"]

1. e4 e6 2. d4 d5 3. exd5 exd5 4. Nf3 c5 5. dxc5 Bxc5 6. Bd3 Nf6 7. O-O O-O 8.
Nc3 Be6 9. Bf4 Nc6 10. Qd2 Bg4 11. Ne5 d4 12. Ne2 Nxe5 13. Bxe5 Re8 14. Bxf6
Qxf6 15. Ng3 Bd6 16. Ne4 Rxe4 17. f3 Bf4 18. Qd1 Qh6 19. Bxe4 Bxh2+ 20. Kf2
Qe3# 0-1

[Event "DEM U18w 2003"]
[Site "Willingen GER"]
[Date "2003.06.14"]
[Round "9"]
[White "Becker, Natalie"]
[Black "Kopietz, Simone"]
[Result "0-1"]
[Termination "normal"]
[Board "12"]
[WhiteElo "1597"]
[BlackElo "1477"]
[PlyCount "66"]
[EventCountry "GER"]
[EventRounds "9"]
[EventType "swiss"]
[EventDate "2003.06.07"]

1. c4 e5 2. g3 g6 3. Bg2 Bg7 4. d3 Nc6 5. Nf3 f5 6. Nc3 d6 7. Rb1 a5 8. a3 Nf6
9. b4 axb4 10. axb4 h6 11. b5 Ne7 12. Bb2 O-O 13. O-O Rb8 14. Qb3 Be6 15. Ra1
g5 16. Nd2 Ng6 17. Ra7 Qc8 18. Rfa1 f4 19. Nce4 Kh8 20. b6 fxg3 21. fxg3 Ng4
22. bxc7 Qxc7 23. Ba3 Rfd8 24. Nc3 e4 25. Ndxe4 Bd4+ 26. Kh1 Bxa7 27. Bxd6 Rxd6
28. Nxd6 Qxd6 29. Rxa7 Qd4 30. Ra1 Nf2+ 31. Kg1 Nh3+ 32. Kh1 Qg1+ 33. Rxg1 Nf2#
0-1

[Event "DEM U18w 2003"]
[Site "Willingen GER"]
[Date "2003.06.14"]
[Round "9"]
[White "Lunz, Pia"]
[Black "Köditz, Katja"]
[Result "1/2-1/2"]
[Termination "normal"]
[Board "13"]
[WhiteElo "1593"]
[BlackElo "1681"]
[PlyCount "54"]
[EventCountry "GER"]
[EventRounds "9"]
[EventType "swiss"]
[EventDate "2003.06.07"]

1. d4 Nf6 2. c4 g6 3. Nc3 Bg7 4. e4 d6 5. Nf3 O-O 6. Be2 e5 7. d5 Na6 8. Be3
Nd7 9. Nd2 f5 10. f3 f4 11. Bf2 Nf6 12. O-O g5 13. h3 Bd7 14. a3 Nh5 15. b4 Qc8
16. Kh2 Rf6 17. Rh1 Rg6 18. Nb3 b6 19. c5 bxc5 20. bxc5 c6 21. dxc6 Bxc6 22.
cxd6 Bf8 23. Qd3 Nb8 24. Bc5 Bd7 25. Qd5+ Be6 26. Qxa8 Ng3 27. Rhb1 Rh6 1/2-1/2

[Event "DEM U16 2003"]
[Site "Willingen GER"]
[Date "2003.06.08"]
[Round "1"]
[White "Heinz, Axel"]
[Black "Mijatovic, Vladimir"]
[Result "1-0"]
[Termination "normal"]
[Board "1"]
[WhiteElo "2269"]
[BlackElo "2082"]
[PlyCount "99"]
[WhiteFideId "4667557"]
[BlackFideId "934062"]
[EventCountry "GER"]
[EventRounds "9"]
[EventType "swiss"]
[EventDate "2003.06.07"]

1. e4 c5 2. Nf3 d6 3. Bb5+ Nd7 4. d4 Ngf6 5. Nc3 cxd4 6. Qxd4 e5 7. Qd3 h6 8.
Be3 Be7 9. O-O O-O 10. Bc4 Nb6 11. Bb3 Qc7 12. Bxb6 Qxb6 13. Nd2 a6 14. Nc4 Qc7
15. Ne3 Be6 16. Ncd5 Nxd5 17. Nxd5 Bxd5 18. Bxd5 Kh8 19. Qb3 a5 20. a4 Bg5 21.
Rad1 Rac8 22. c3 Rb8 23. Rd3 f5 24. exf5 Rxf5 25. Rf3 Rxf3 26. Bxf3 g6 27. Qe6
Kg7 28. Be4 Bf6 29. Rd1 Rd8 30. Qg4 Qf7 31. c4 b6 32. b3 Bg5 33. h4 Be7 34. h5
g5 35. g3 Rf8 36. Rd2 Rd8 37. Kg2 Bf8 38. Bd5 Qd7 39. Be6 Qb7+ 40. Kh2 Qe7 41.
Rd3 Re8 42. Bd5 Kh8 43. Rf3 Qh7 44. Rf7 Bg7 45. Qd7 Rf8 46. Qe7 Qg8 47. Rf5 Re8
48. Qd7 Rd8 49. Qc7 Rc8 50. Qb7 1-0

[Event "DEM U16 2003"]
[Site "Willingen GER"]
[Date "2003.06.08"]
[Round "1"]
[White "Frübing, Stefan"]
[Black "Degtiarev, Jewgeni"]
[Result "0-1"]
[Termination "normal"]
[Board "2"]
[WhiteElo "2063"]
[BlackElo "2254"]
[PlyCount "70"]
[WhiteFideId "4682165"]
[BlackFideId "4149610"]
[EventCountry "GER"]
[EventRounds "9"]
[EventType "swiss"]
[EventDate "2003.06.07"]

1. c4 e5 2. Nc3 Nf6 3. g3 Nc6 4. Bg2 Bc5 5. d3 h6 6. a3 a5 7. e3 O-O 8. Nge2
Re8 9. O-O Bf8 10. Rb1 Ne7 11. d4 exd4 12. Nxd4 d5 13. cxd5 Nexd5 14. Nxd5 Nxd5
15. Qb3 Nb6 16. Rd1 Bd7 17. Qc2 Qc8 18. e4 c5 19. Nf5 c4 20. Nd6 Ba4 21. Qxa4
Nxa4 22. Nxc8 Raxc8 23. Bd2 b6 24. Rdc1 Red8 25. Be3 b5 26. Bf1 Bc5 27. Bxc5
Nxc5 28. f3 Nb3 29. Rc3 Nd2 30. Rbc1 b4 31. axb4 axb4 32. Re3 c3 33. bxc3 b3
34. Bd3 b2 35. Rd1 Rxc3 0-1